Quintas jornadas de investigación y docencia : Resúmenes de comunicaciones.
Guardado en:
| Autor Corporativo: | |
|---|---|
| Formato: | Libro |
| Idioma: | Spanish |
| Publicado: |
Chacras de Coria :
Facultad de Ciencias Agrarias. Universidad Nacional de Cuyo,
1992.
|
| Etiquetas: |
Agregar Etiqueta
Sin Etiquetas, Sea el primero en etiquetar este registro!
|
| LEADER | 00599nam a22001335a 4500 | ||
|---|---|---|---|
| 001 | EEA.libagro005447 | ||
| 005 | 20180628105453.0 | ||
| 008 | 130809s1992####ag############100#0#spa#d | ||
| 082 | 0 | 4 | |a 630.711 |
| 111 | 2 | |a Jornadas de Investigación y Docencia |n (5 : |d 9 al 12 de noviembre de 1992 : |c Chacras de Coria, Mendoza) | |
| 245 | 1 | 0 | |a Quintas jornadas de investigación y docencia : |b Resúmenes de comunicaciones. |
| 260 | |a Chacras de Coria : |b Facultad de Ciencias Agrarias. Universidad Nacional de Cuyo, |c 1992. | ||
| 300 | |a 1 v. (sin paginar) ; |c 30 cm. | ||
| 859 | |a AR-BbBCA |b BIB. AGRONOMIA |h 630.711 |i J82 5 1992 |p 1996/2761 | ||
